Представление документа в формате MARC21

Поле Инд. ПП Название Значение
Тип записи a
Библиографический уровень b
001 Контрольный номер RU/IS/BASE/136310274
005 Дата корректировки 20200528185512.1
084 a Индекс другой классификации/Индекс ББК 60.74(2)
100 1_ a Автор Рыбаковский Л. Л.
q Полное имя Рыбаковский Леонид Леонидович
245 a Заглавие Демографическая безопасность: геополитические аспекты
504 a Библиография Лит. в конце статьи
650 a Основная рубрика демографическая политика
a Основная рубрика демография
653 a Ключевые слова геополитический статус
a Ключевые слова демографическая безопасность
a Ключевые слова депопуляция населения
a Ключевые слова иммиграция
a Ключевые слова миграция населения
a Ключевые слова народонаселение
a Ключевые слова население
a Ключевые слова национальная безопасность
a Ключевые слова плотность населения
a Ключевые слова рождаемость
a Ключевые слова Россия
a Ключевые слова смертность
a Ключевые слова социально-экономическое развитие
a Ключевые слова территориальная целостность
a Ключевые слова численность населения
773 t Заглавие источника Народонаселение
d Дата издания источника 2004
g Прочая информация № 1. - С. 22 - 346 : табл.
w Контрольный № источника RU/IS/BASE/136043554
901 t Тип документа b